LEADER 00832nam a2200193 i 4500 001 000000029573 003 CaOOAMICUS 005 20180830125448.0 008 180830s1982 fr u000 u und u 040 $aSeMil$bita 100 1 $aVillepelée, Jean-François.$0(OLS)http://semarc/name/13487 245 10$aMarie Martel /$cJ.F. Villepelée. 260 $aLe Mans :$bLes Amis de N.-D. de Tilly,$c1982-1983. 300 $a2 v. ;$c22 cm. 650 4$aMadonna - Apparizioni - Tilly-sur-Seulles .$0(OLS)http://semarc/subject/4730 774 0 $tDans le creuset des apparitions de Tilly.$z2-85268-046-7$g1$w()228126 774 0 $tFidélité au message de Tilly.$z2-85268-067-X$g2$w()228127 996 $6245$aMarie Martel$9(OLS)http://semarc/title/40178 996 $6260$aLe Mans :$bLes Amis de N.-D. de Tilly$9(OLS)http://semarc/publisher/38152 LEADER 00967nam a2200205 i 4500 001 000000196953 003 CaOOAMICUS 005 20170130000000.0 008 170130s1879 it u000 u ita u 013 $a175638 040 $aSeMil$bita 245 10$aDel primo fonte battesimale in Milano detto Fonte di S. Barnaba :$bnotizie storiche. 260 $aMilano :$bTipografia di A. Lombardi,$c1879. 300 $a34 p., 4 c. di tav. :$bill. ;$c23 cm. 650 4$aMilano (Arcidiocesi) - Battisteri.$0(OLS)http://semarc/subject/40914 650 4$aMilano - Chiese - Sant'Eustorgio - Fonte di San Barnaba.$0(OLS)http://semarc/subject/46604 850 $aSeMil 852 $aSeMil$W1$xVenegono$y1$m3O III 56 FA$j147516$B147516$CSeMilBibl$Z2$F215765 $8I 996 $6245$aDel primo fonte battesimale in Milano detto Fonte di S. Barnaba :$bnotizie storiche$9(OLS)http://semarc/title/409397 996 $6260$aMilano :$bTipografia di A. Lombardi$9(OLS)http://semarc/publisher/55500